[Event "BL2-W9697"]
[Site "Germany"]
[Date "1997.??.??"]
[Round "?.1"]
[White "Delemarre, Jop"]
[Black "Grabarczyk, Miroslaw"]
[Result "0-1"]
[WhiteElo "2405"]
[BlackElo "2480"]

1.d4 Nf6 2.c4 e6 3.Nf3 b6 4.a3 Bb7 5.Nc3 d5 6.Bg5 Be7 7.Qa4+ c6 8.Bxf6 Bxf6
9.cxd5 exd5 10.g3 O-O 11.Bg2 c5 12.Rd1 Qe7 13.O-O Rd8 14.Rfe1 Na6 15.e4 dxe4
16.Nxe4 cxd4 17.Nxf6+ Qxf6 18.Rxd4 Nc5 19.Rxd8+ Qxd8 20.Qd4 Ne6 21.Qxd8+ Rxd8
22.Nd4 Rxd4 23.Bxb7 Rd2 24.b4 Rd3 25.Ra1 Kf8 26.Ba6 Rc3 27.Bf1 Ke7 28.a4 Rb3
29.b5 Nd4 30.Rc1 Kd6 31.Rc4 Nf3+ 32.Kg2 Ra3 33.Rc6+ Kd7 34.a5 Ne5 35.Rc2 Rxa5
36.f4 Ng4 37.Rd2+ Ke7 38.Kf3 f5 39.Bd3 Ra3 40.h3 Nf6 41.Ke2 Ne4 42.Bxe4 fxe4
43.g4 Rxh3 44.Rd4 Rh4 45.Rxe4+ Kf6 46.Kf3 Rh3+ 47.Kf2 Rc3 48.Re8 h6 49.Rf8+ Ke7
50.Rg8 Kf7 51.Ra8 Rc7 52.Ke3 Re7+ 53.Kd4 Kg6 54.Rc8 Kf7 55.Kd5 Kg6 56.Rc6+ Kh7
57.g5 hxg5 58.fxg5 Re1 59.Rc7 Ra1 60.Kc6 Kg6 61.Rd7 Ra5 62.Rb7 Ra4 63.Rd7 Ra5
64.Rb7 a6 65.bxa6 Rxa6 66.Kd5 Ra4 67.Rxb6+ Kxg5 68.Ke5 Kh5 69.Rb1 g5 70.Kf5 Rf4+
71.Ke5 Rf3 72.Rh1+ Kg6 73.Rg1 Rf4 74.Re1 Ra4 75.Rf1 g4 76.Rf4 Ra5+ 77.Ke4 Kg5
78.Rf1 Ra3 79.Rf8 Kh4 80.Rg8 Rf3 81.Rg7 Kh3 82.Rg8 Rf7 83.Ke3 g3 84.Ke2 Kh2
85.Rh8+ Kg1 86.Rg8 g2 87.Ra8 Rh7 88.Kf3 Kh1  0-1

[Event "Oberliga Nord W9798"]
[Site "Germany"]
[Date "1997.??.??"]
[Round "?.3"]
[White "Schubert, Thomas"]
[Black "Michalke, Guenter"]
[Result "1-0"]
[WhiteElo "2295"]
[BlackElo "2225"]

1.d4 Nf6 2.Nf3 e6 3.c4 b6 4.a3 Bb7 5.Nc3 d5 6.Bg5 Be7 7.cxd5 Nxd5 8.Bxe7 Qxe7
9.Qa4+ c6 10.e4 Nxc3 11.bxc3 O-O 12.Bd3 c5 13.O-O Rd8 14.Rad1 a6 15.Bb1 cxd4
16.cxd4 Nd7 17.Rfe1 b5 18.Qb3 Rac8 19.d5 Nc5 20.Qb4 e5 21.Rc1 f6 22.Rc3 Qd6
23.Ba2 Qb6 24.Nh4 a5 25.Qb1 Na4 26.d6+ Kh8 27.Ng6+  1-0

[Event "Oberliga Ost B9798"]
[Site "Germany"]
[Date "1997.??.??"]
[Round "?.1"]
[White "Gutman, Lev"]
[Black "Bewersdorff, Oliver"]
[Result "0-1"]
[WhiteElo "2475"]
[BlackElo "2370"]

1.d4 Nf6 2.c4 e6 3.Nf3 b6 4.a3 Bb7 5.Nc3 d5 6.Bg5 Be7 7.Qa4+ c6 8.cxd5 Nxd5
9.Nxd5 Bxg5 10.Nc3 O-O 11.Rd1 Nd7 12.e3 Be7 13.Bd3 Qc8 14.O-O c5 15.Bb5 Nf6
16.Ne5 a6 17.Bc6 b5 18.Bxb7 Qxb7 19.Qb3 Rfd8 20.dxc5 Bxc5 21.a4 Qc7 22.Nf3 bxa4
23.Nxa4 Rdb8 24.Qa2 Qa5 25.Rc1 Ba7 26.b3 h6 27.Rc4 Rc8 28.Qc2 Rd8 29.h3 Nd5
30.Qe4 Qb5 31.Rb1 Nf6 32.Qc2 a5 33.Nc3 Qh5 34.Ne4 Nxe4 35.Qxe4 Qd5 36.Ne5 Bb8
37.f4 Bxe5 38.fxe5 Qxe4 39.Rxe4 Rab8 40.Rd4 Rxd4 41.exd4 Rb4 42.Ra1 Rxd4
43.Rxa5 Rb4 44.Ra3 Rb5 45.Kf2 Rxe5 46.b4 Kf8 47.Ra8+ Ke7 48.Ra7+ Kf6 49.Ra5 h5
50.Kf3 g5 51.g3 Re1 52.h4 gxh4 53.gxh4 e5 54.Ra6+ Kf5 55.Rh6 e4+ 56.Kf2 Rb1
57.b5 Ke5 58.Rxh5+ f5 59.Rh6 Rxb5 60.Ra6 Rb2+ 61.Kg3 f4+ 62.Kh3 f3 63.Ra8 Kf4  0-1

[Event "Ruhr-ch Seniors 4th"]
[Site "Germany"]
[Date "1997.??.??"]
[Round "5"]
[White "Mueller, H."]
[Black "Schneider, H."]
[Result "1-0"]
[WhiteElo "2080"]
[BlackElo "1685"]

1.d4 Nf6 2.Nf3 e6 3.c4 b6 4.a3 Bb7 5.Nc3 Be7 6.d5 O-O 7.e4 exd5 8.exd5 a5
9.Bd3 Na6 10.O-O Nc5 11.Bc2 Re8 12.Re1 h6 13.Bf4 d6 14.Nd4 Bf8 15.Qd2 Rxe1+
16.Rxe1 Ncd7 17.h3 Nh5 18.Bh2 g6 19.g4 Ng7 20.Qxh6 Nf5 21.Qd2 Nxd4 22.Qxd4 Bg7
23.Qe3 Ne5 24.Bxe5 dxe5 25.Be4 Qh4 26.Bg2 Rb8 27.Ne4 Rd8 28.Qg5 Qxg5 29.Nxg5 a4
30.Ne4 c6 31.Nc3 cxd5 32.cxd5 f5 33.Nxa4 Rd6 34.Rd1 e4 35.Bf1 Kh7 36.Nc3 Bxc3
37.bxc3 Rxd5 38.Rxd5 Bxd5 39.g5 Bc6 40.Bc4 Kg7 41.Kf1 Kf8 42.h4 b5 43.Bb3 Ke7
44.Ke2 f4 45.Kd2 Bb7 46.c4 bxc4 47.Bxc4 Bc6 48.Kc3 e3 49.fxe3 f3 50.Kd2 Be4
51.Ke1 Kd6 52.Kf2 Ke5 53.Ba6 Bc6 54.Bc8 Be4 55.Bg4  1-0

[Event "Haarlem op"]
[Site "Haarlem"]
[Date "1997.??.??"]
[Round "1"]
[White "Khenkin, Igor"]
[Black "Barendse, Ted"]
[Result "1-0"]
[WhiteElo "2575"]
[BlackElo "2180"]

1.d4 e6 2.c4 Nf6 3.Nf3 b6 4.a3 Ba6 5.Qc2 c5 6.d5 exd5 7.cxd5 g6 8.Nc3 Bg7
9.g3 O-O 10.Bg2 d6 11.O-O Nbd7 12.Bf4 Qc7 13.Qa4 Nb8 14.Rfe1 Nh5 15.Bd2 Qd7
16.Qh4 Bf6 17.Bg5 Bxg5 18.Nxg5 h6 19.Ne6 Re8 20.g4 Bb7 21.gxh5 fxe6 22.Ne4 g5
23.Nf6+ Kf7 24.Nxd7 gxh4 25.dxe6+ Kxe6 26.Nxc5+ bxc5 27.Bxb7  1-0

[Event "Wichern op"]
[Site "Hamburg"]
[Date "1997.??.??"]
[Round "9"]
[White "Lauber, Arnd"]
[Black "Epishin, Vladimir"]
[Result "1/2-1/2"]
[WhiteElo "2325"]
[BlackElo "2570"]

1.d4 Nf6 2.c4 e6 3.Nf3 b6 4.a3 Bb7 5.Nc3 d5 6.Qc2 Be7 7.cxd5 exd5 8.Bg5 O-O
9.e3 Nbd7 10.Bd3 c5 11.O-O Ne4 12.Bf4 Rc8 13.Nxe4 dxe4 14.Bxe4 cxd4 15.Qb1 Bxe4
16.Qxe4 dxe3 17.Bxe3 Nc5 18.Qg4 Bf6 19.Rad1 Qe7 20.Nd4 Rfd8 21.h3 Qe4 22.b4 Qxg4
23.hxg4 Bxd4 24.Bxd4 Ne6 25.Be3 Rxd1 26.Rxd1 Rc3 27.a4 Ra3 28.a5 bxa5 29.b5 Rb3
30.Rd5 a4 31.Bxa7 a3 32.b6 a2 33.Ra5 Rb2 34.Rxa2 Rxa2 35.b7 Rb2 36.b8=Q+ Rxb8
37.Bxb8 Kf8 38.f3 Ke7 39.Kf2 Kf6 40.Kg3 Kg6 41.Kh4 Nc5 42.Bc7 Kf6 43.Kg3 Nd3
44.Bd6 Ke6 45.Bf8 g6 46.Bg7 Kd5 47.Ba1 Kc4 48.Bh8 Kd5 49.Ba1 Nb4 50.Kf2 Kc4
51.Ke2 Nd3 52.g3 Nb4 53.Bg7 Nd5 54.Ba1 Kc5 55.Bb2 Kd6 56.Ba3+ Ke5 57.Bb2+ Ke6
58.Ba1 Ne7 59.Bb2 Nc6 60.Ke3 Kd5 61.Bc3 Nd8 62.Ba1 Ne6 63.Bf6 Nf8 64.Bg7 Nd7
65.Bd4 Ke6 66.Kf4 Kd5 67.Ba1 f6 68.Ke3 h6 69.Bd4 Ne5 70.Bxe5 Kxe5 71.f4+ Kd5
72.Kd3 f5 73.gxf5 gxf5 74.Ke3 h5 75.Kd3 Kc5 76.Kc3 Kd5  1/2-1/2

[Event "Heart of Finland op"]
[Site "?"]
[Date "1997.??.??"]
[Round "3"]
[White "Yrjola, Jouni"]
[Black "Havansi, Erkki ET"]
[Result "1-0"]
[WhiteElo "2435"]
[BlackElo "2250"]

1.d4 Nf6 2.c4 e6 3.Nf3 b6 4.a3 Bb7 5.Nc3 d5 6.Bg5 Be7 7.Qa4+ Qd7 8.Qxd7+ Nbxd7
9.Nb5 Kd8 10.cxd5 Nxd5 11.e4 N5f6 12.Bf4 Ne8 13.Nc3 h6 14.O-O-O g5 15.Bg3 Nd6
16.Ne5 f6 17.Ng6 Rg8 18.Nxe7 Kxe7 19.f3 Rac8 20.Bd3 Nf7 21.Bc4 c6 22.Rhe1 Rgd8
23.Ba2 Nf8 24.b4 Rd7 25.Kb2 Rcd8 26.Bf2 Ng6 27.g3 Nf8 28.b5 cxb5 29.f4 Nd6
30.f5 Nc4+ 31.Bxc4 bxc4 32.fxe6 Kxe6 33.d5+ Kf7 34.Bd4 Kg6 35.Rf1 Nh7 36.Rf2 Rf7
37.Rdf1 Rdd7 38.g4 Bc8 39.h3 b5 40.Ne2 a5 41.Bc3 b4 42.axb4 Rb7 43.b5 Rxb5+
44.Kc2 h5 45.Nd4 Rbb7 46.Nc6 hxg4 47.hxg4 Bxg4 48.e5 Rfc7 49.exf6 Rxc6 50.dxc6 Rf7
51.Rd2 Bh3 52.Rf3 Bg4 53.Rff2 Nf8 54.Be5 Ne6 55.Rd7 Nc5 56.Rxf7 Kxf7 57.c7 Nd3
58.Re2  1-0

[Event "Helsinki We HSK op"]
[Site "Helsinki"]
[Date "1997.??.??"]
[Round "2"]
[White "Kanko, Ilkka"]
[Black "Veingold, Aleksandr"]
[Result "0-1"]
[WhiteElo "2270"]
[BlackElo "2460"]

1.d4 Nf6 2.c4 e6 3.Nf3 b6 4.a3 Bb7 5.Nc3 d5 6.Bg5 Be7 7.Qa4+ Qd7 8.Qxd7+ Nbxd7
9.cxd5 Nxd5 10.Bxe7 Kxe7 11.Rc1 c5 12.e3 cxd4 13.Nxd4 Nxc3 14.Rxc3 Rhc8 15.Rxc8 Rxc8
16.Kd2 Nc5 17.f3 e5 18.Ne2 Rd8+ 19.Kc2 Bd5 20.Nc3 Bb3+ 21.Kc1 Nd3+ 22.Bxd3 Rxd3
23.Re1 f5 24.Nb1 Rd6 25.Nc3 a6 26.Re2 Rd3 27.e4 f4 28.Rd2 Rxd2 29.Kxd2 Kd6
30.Kd3 Kc5 31.Nb1 Bc4+ 32.Kc3 Bf1 33.b4+ Kd6 34.g3 fxg3 35.hxg3 Be2 36.Nd2 h5
37.Nc4+ Bxc4 38.Kxc4 g5 39.Kd3 a5 40.bxa5 bxa5 41.Ke3 h4 42.Kf2 Kc5 43.Kg2 Kd4
44.Kh3 Ke3 45.Kg4 h3  0-1

[Event "BCF-ch"]
[Site "Hove"]
[Date "1997.??.??"]
[Round "7"]
[White "Pein, Malcolm"]
[Black "Emms, John M"]
[Result "0-1"]
[WhiteElo "2430"]
[BlackElo "2530"]

1.d4 Nf6 2.c4 e6 3.Nf3 b6 4.a3 Ba6 5.Nbd2 Bb7 6.b4 g6 7.Qc2 Bg7 8.e4 O-O
9.Bb2 c5 10.e5 Ne8 11.dxc5 bxc5 12.h4 h5 13.b5 d6 14.O-O-O dxe5 15.Nxe5 Qc7
16.Ndf3 Bxf3 17.Nxf3 Nd7 18.Bd3 Bxb2+ 19.Qxb2 Ng7 20.Rhe1 Nf5 21.Bxf5 exf5
22.Ne5 Nxe5 23.Qxe5 Qa5 24.Re3 Qa4 25.Qc3 a6 26.Qb3 axb5 27.Qxa4 bxa4 28.Rd5 Rac8
29.Ree5 Rfe8 30.Rxc5 Rxc5 31.Rxc5 Re2 32.Rd5 Kf8 33.c5 Ke8 34.Rd4 Ke7 35.Rxa4 Kd7
36.Rd4+ Kc6 37.Rd2 Re4 38.Rc2 Rxh4 39.Kb2 Ra4 40.Kb3 Ra5 41.a4 Rxc5 42.Re2 f4
43.Kb4 f3 44.gxf3 Rf5 45.Re3 h4 46.Kc3 h3 47.Kd2 Rd5+ 48.Kc2 Rd4 49.Re1 Rxa4
50.Kd3 Rh4 51.Ke3 Kd5 52.Rh1 h2 53.f4 Ke6 54.Kf3 Kf5 55.Kg3 Rg4+ 56.Kxh2 Rh4+
57.Kg2 Rxh1 58.Kxh1 Kxf4 59.Kg2 g5 60.Kg1 Kf3 61.Kf1 g4  0-1

[Event "HUN-chT 9798"]
[Site "Hungary"]
[Date "1997.??.??"]
[Round "?"]
[White "Kerek, Csaba"]
[Black "Medvegy, Nora"]
[Result "1-0"]
[WhiteElo "2200"]
[BlackElo "2265"]

1.d4 Nf6 2.c4 e6 3.Nf3 b6 4.a3 Ba6 5.Qc2 Bb7 6.Nc3 c5 7.e4 cxd4 8.Nxd4 Nc6
9.Nxc6 Bxc6 10.Bf4 Bc5 11.Be2 O-O 12.Rd1 a5 13.Bg3 Ne8 14.O-O Qe7 15.e5 f5
16.exf6 Nxf6 17.Bd3 Rf7 18.Bh4 Qf8 19.Bxf6 gxf6 20.Be4 Bxe4 21.Qxe4 f5 22.Qe2 Rc8
23.Rd3 Rg7 24.Rfd1 Qe8 25.Nb5 Rc6 26.b3 Bf8 27.a4 Bc5 28.Qe5 Bf8 29.g3 Rc5
30.Qc3 Rc6 31.Nd6 Qb8 32.Qd2 Qa8 33.Nb5 Bb4 34.Qb2 Qe8 35.Qe2 Bf8 36.Qf3 Rc5
37.Qb7 d5 38.Qxb6 Rc6 39.Qxa5 f4 40.cxd5 exd5 41.Nc3 Rc5 42.Qb4 Qe5 43.Nxd5 fxg3
44.hxg3 h5 45.Qf4 Qxf4 46.Nxf4 Re5 47.Rd5 Re2 48.Nxe2  1-0

[Event "HUN-chT 9798"]
[Site "Hungary"]
[Date "1997.??.??"]
[Round "?"]
[White "Bali, Janos"]
[Black "Csoke, Krisztian"]
[Result "1/2-1/2"]
[WhiteElo "2270"]
[BlackElo "2215"]

1.d4 Nf6 2.c4 e6 3.Nf3 b6 4.a3 Bb7 5.Nc3 d5 6.cxd5 Nxd5 7.Qc2 Be7 8.e4 Nxc3
9.bxc3 c5 10.Bb5+ Bc6 11.Bd3 Nd7 12.Bf4 h6 13.h3 O-O 14.O-O Nf6 15.Qe2 Bb7
16.Rfe1 Rc8 17.Qd2 Nh7 18.Bb1 Re8 19.Nh2 Bg5 20.Bxg5 Qxg5 21.f4 Qg3 22.Nf1 Qh4
23.Kh2 Red8 24.g3 Qh5 25.e5 Qf3 26.Ne3 cxd4 27.cxd4 Rxd4 28.Qe2 Qxe2+ 29.Rxe2 Nf8
30.Ba2 Rcd8 31.Rc1 Rd3 32.Nc4 Ba6 33.a4 Rc8 34.Rec2 Bxc4 35.Bxc4 Rd4 36.Bb5 Rxc2+
37.Rxc2 a6 38.Bc6 Rd8 39.Bb7 b5 40.a5 b4 41.Rb2 Rb8 42.Bxa6 Ra8 43.Bc4 Rxa5
44.Rxb4 Rc5 45.Kg2 g6 46.Bb5 Rc3 47.Be8 Rc8 48.Ba4 Rc7 49.Rb8 h5 50.h4 Kg7
51.Rd8 Rc4 52.Ra8 Rc7 53.Rd8 Rc4 54.Be8 Rc3 55.Rd6 Ra3 56.Kf2 Rc3 57.Rd8 Ra3
58.Rb8 Ra7 59.Ke3 Nd7 60.Rd8 Kf8 61.Bxd7+ Ke7 62.Rb8 Kxd7 63.Rb3 Ra4 64.Kf3 Ra1
65.Kg2 Ke7  1/2-1/2

[Event "ISR-chT"]
[Site "Israel"]
[Date "1997.??.??"]
[Round "2"]
[White "Sorkin, Igor"]
[Black "Kaspi, Alexander"]
[Result "0-1"]
[WhiteElo "2305"]
[BlackElo "2490"]

1.d4 Nf6 2.c4 e6 3.Nf3 b6 4.a3 Ba6 5.Qc2 Bb7 6.Nc3 c5 7.e4 cxd4 8.Nxd4 Bc5
9.Nb3 Nc6 10.Bf4 d6 11.O-O-O e5 12.Bg5 h6 13.Bh4 g5 14.Bg3 Qe7 15.Be2 a6
16.h4 Rg8 17.hxg5 hxg5 18.Nd5 Nxd5 19.exd5 Nd4 20.Nxd4 Bxd4 21.Bg4 Kd8 22.Rh6 Bc8
23.Bf5 Qf8 24.Rdh1 Ra7 25.Rf6 Ke7 26.Rhh6 Rh8 27.Bh7 Rd7 28.Qe2 Rxh7 29.Rxh7 Kxf6
30.Qh5 Rc7 31.Rh8 Qg7 32.Rh7 Rxc4+ 33.Kd2 Rc2+  0-1

[Event "ISR-chT"]
[Site "Israel"]
[Date "1997.??.??"]
[Round "6"]
[White "Gofshtein, Leonid D"]
[Black "Alterman, Boris"]
[Result "0-1"]
[WhiteElo "2540"]
[BlackElo "2595"]

1.d4 Nf6 2.c4 e6 3.Nf3 b6 4.a3 Bb7 5.Nc3 d5 6.Qc2 c5 7.cxd5 cxd4 8.Qa4+ Nbd7
9.Qxd4 Bc5 10.Qa4 exd5 11.Bg5 O-O 12.e3 Be7 13.Rd1 Rc8 14.Qb3 Nc5 15.Qa2 Nfe4
16.Nxe4 Nxe4 17.Bxe7 Qxe7 18.Bd3 d4 19.Nxd4 Qg5 20.Bxe4 Bxe4 21.Rg1 Qh4 22.h3 Rfd8
23.b4 Rc3 24.Ke2 Bd5 25.Qd2 Rxa3 26.Rc1 Ra2 27.Rc2 Bc4+ 28.Kf3 Rxd4 29.exd4 Bd5+
30.Ke2 Qe4+  0-1

[Event "Jakarta op"]
[Site "Jakarta"]
[Date "1997.??.??"]
[Round "?"]
[White "Simanjuntak, Sebastian"]
[Black "Juswanto, Denny"]
[Result "1-0"]
[WhiteElo "2270"]
[BlackElo "2430"]

1.d4 Nf6 2.c4 e6 3.Nf3 b6 4.a3 Bb7 5.Nc3 d5 6.cxd5 exd5 7.Bg5 Be7 8.Qa4+ c6
9.e3 O-O 10.Bd3 h6 11.Bf4 Re8 12.O-O Nbd7 13.Rac1 a6 14.h3 c5 15.Rfd1 c4
16.Bb1 Nf8 17.Ne5 b5 18.Qc2 Qb6 19.Qe2 Ne6 20.Bg3 Ng5 21.Bh4 Qe6 22.f4 Nge4
23.Bxe4 Nxe4 24.Nxe4 dxe4 25.Bxe7 Rxe7 26.Qd2 Bd5 27.g4 a5 28.f5 Qd6 29.Qf2 Rc7
30.Rf1 Ra6 31.h4 f6 32.Ng6 b4 33.Nf4 c3 34.bxc3 Bc4 35.cxb4 Bxf1 36.Qxf1 Rac6
37.Rc5 axb4 38.axb4 Kh7 39.Qc4 h5 40.Qe6 Qxe6 41.Nxe6  1-0

[Event "Jakarta op"]
[Site "Jakarta"]
[Date "1997.??.??"]
[Round "?"]
[White "Gunawan, Ruben"]
[Black "Aris, TLS."]
[Result "1-0"]
[WhiteElo "2460"]
[BlackElo "2285"]

1.d4 Nf6 2.Nf3 e6 3.c4 b6 4.a3 Ba6 5.Qc2 Be7 6.e4 O-O 7.Nc3 d5 8.e5 Ne8 9.Bd3 h6
10.cxd5 Bxd3 11.Qxd3 exd5 12.O-O c6 13.Be3 Nc7 14.Rad1 Nd7 15.Qf5 b5 16.Ne2 Ne6
17.Ng3 Nb6 18.Qg4 Kh7 19.Nf5 Rh8 20.Nxe7 Qxe7 21.Nh4 Qd7 22.f4 Rhg8 23.f5 Nf8
24.Bc1 Re8 25.Rd3 Kh8 26.Qh5 c5 27.f6 cxd4 28.Nf5  1-0

[Event "Kastel Stari op"]
[Site "Kastel Stari"]
[Date "1997.??.??"]
[Round "5"]
[White "Kozul, Zdenko"]
[Black "Cvitan, Ognjen"]
[Result "1/2-1/2"]
[WhiteElo "2590"]
[BlackElo "2550"]

1.d4 Nf6 2.c4 e6 3.Nf3 b6 4.a3 Bb7 5.Nc3 d5 6.Bg5 Be7 7.e3 O-O 8.Bxf6 Bxf6
9.cxd5 exd5 10.Be2 c5 11.O-O Qe7 12.Qb1 Rd8 13.b4 Nc6 14.bxc5 bxc5 15.Rd1  1/2-1/2

[Event "Komarno op"]
[Site "Komarno"]
[Date "1997.??.??"]
[Round "?"]
[White "Zimmerman, Yuri"]
[Black "Huba, Martin"]
[Result "1-0"]
[WhiteElo "2410"]
[BlackElo "2145"]

1.d4 Nf6 2.c4 e6 3.Nf3 b6 4.a3 c5 5.d5 Qe7 6.Nc3 h6 7.g3 Bb7 8.Bg2 d6 9.O-O exd5
10.cxd5 Qd7 11.a4 Be7 12.e4 O-O 13.Re1 Ne8 14.h4 Bf6 15.Bf4 Qd8 16.e5 dxe5
17.Nxe5 Nd6 18.Nc6 Qd7 19.Bxd6 Qxd6 20.Ne4 Qd7 21.Nxf6+ gxf6 22.Qf3 Kg7 23.Ne7 Rh8
24.Nf5+ Kf8 25.Re7 Qc8 26.Qh5 Rh7 27.Rae1 Na6 28.Rxf7+ Rxf7 29.Qxh6+ Kg8
30.Ne7+ Rxe7 31.Rxe7  1-0

[Event "Komarno op"]
[Site "Komarno"]
[Date "1997.??.??"]
[Round "?"]
[White "Zimmerman, Yuri"]
[Black "Bokros, Albert"]
[Result "1/2-1/2"]
[WhiteElo "2410"]
[BlackElo "2260"]

1.d4 Nf6 2.c4 e6 3.Nf3 b6 4.a3 Ba6 5.Qb3 c5 6.d5 exd5 7.cxd5 d6 8.Nc3 Be7
9.g3 O-O 10.Bg2 Re8 11.O-O Bf8 12.Re1 Nbd7 13.a4 Rc8 14.Qc2 Ng4 15.Bh3 Nge5
16.Ng5 g6 17.f4 Nd3 18.Rd1 Nxc1 19.Raxc1 Rb8 20.e4 Bg7 21.Nf3 b5 22.Bf1 c4
23.axb5 Bxb5 24.Nd4 a6 25.Kh1 Qb6 26.Ncxb5 axb5 27.Nc6 Ra8 28.b4 cxb3 29.Qxb3 Rxe4
30.Rc2 b4 31.Bg2 Re3 32.Qxb4 Qxb4 33.Nxb4 Nc5 34.Nc6 Rae8 35.Kg1 Bc3 36.Kf1 Nd3
37.Bh3 Nxf4 38.Bd7 Re1+ 39.Kf2 Rxd1 40.Bxe8 Nxd5 41.Nd8 Bf6 42.Ke2 Bxd8 43.Kxd1 Ne3+
44.Kd2 Nxc2 45.Kxc2 Bb6 46.Kd3 f5 47.Ke2 Kg7 48.Kf3 Kf6 49.g4 d5 50.gxf5 Kxf5
51.Bf7 d4 52.Bc4 Bc7 53.h3 h5 54.Bd3+ Kf6 55.h4 g5 56.hxg5+ Kxg5 57.Kg2 h4
58.Kh1 Kf4  1/2-1/2

[Event "Komarno op"]
[Site "Komarno"]
[Date "1997.??.??"]
[Round "?"]
[White "Hanko, Pavel"]
[Black "Oral, Tomas"]
[Result "0-1"]
[WhiteElo "2195"]
[BlackElo "2415"]

1.d4 Nf6 2.Nf3 e6 3.c4 b6 4.a3 Bb7 5.Nc3 d5 6.Bg5 Be7 7.e3 O-O 8.cxd5 Nxd5
9.Bxe7 Qxe7 10.Bd3 Nxc3 11.bxc3 c5 12.O-O Nc6 13.e4 cxd4 14.cxd4 Rfd8 15.Bc4 Nxd4
16.Nxd4 Qf6 17.e5 Qg5 18.Nf3 Qg4 19.Bxe6 fxe6 20.h3 Qf5 21.Qe2 Bxf3 22.Qxf3 Qxf3
23.gxf3 Rd3 24.Rfd1 Rad8 25.Rxd3 Rxd3 26.Kg2 Kf7 27.Kg3 Kg6 28.Kf4 Rd4+ 29.Ke3 Ra4
30.Rg1+ Kf7 31.Ra1 b5 32.Rc1 Rxa3+ 33.Ke4 Ra4+ 34.Ke3 Rc4 35.Ra1 Rc7 36.Ra6 b4
37.Ra4 Rb7 38.Kd2 Kg6 39.Kc2 Kf5 40.Ra5 b3+ 41.Kb2 g6  0-1

[Event "SLO-ch"]
[Site "Krsko"]
[Date "1997.??.??"]
[Round "?"]
[White "Soln, Primoz"]
[Black "Grosar, Aljosa"]
[Result "1/2-1/2"]
[WhiteElo "2325"]
[BlackElo "2455"]

1.d4 Nf6 2.Nf3 e6 3.c4 b6 4.a3 c5 5.d5 exd5 6.cxd5 g6 7.Nc3 Bg7 8.e4 d6 9.h3 O-O
10.Bg5 Re8 11.Bd3 h6 12.Be3 Ba6 13.O-O Bxd3 14.Qxd3 Nbd7 15.Bf4 Nf8 16.Bh2 b5
17.e5 dxe5 18.Nxe5 Qb6 19.Nxb5 Rad8 20.Nc3 Nxd5 21.Nxd5 Qe6 22.Nc7 Rxd3 23.Nxe6 Bxe5
24.Nxc5 Bxh2+ 25.Kxh2 Rd2 26.b4 Ree2 27.Rae1 g5 28.Kg1  1/2-1/2

[Event "RUS-Cup7"]
[Site "Kstovo"]
[Date "1997.??.??"]
[Round "6"]
[White "Gutov, Andrei"]
[Black "Zagrebelny, Sergey"]
[Result "0-1"]
[WhiteElo "2195"]
[BlackElo "2480"]

1.d4 Nf6 2.c4 e6 3.Nf3 b6 4.a3 d5 5.Nc3 Be7 6.g3 O-O 7.Bg2 c6 8.Ne5 Bb7 9.O-O Nbd7
10.Re1 Nxe5 11.dxe5 Nd7 12.cxd5 cxd5 13.e4 d4 14.Qxd4 Bc5 15.Qa4 Nxe5 16.Be3 Bc6
17.Qb3 Nd3 18.Bxc5 bxc5 19.Red1 Rb8 20.Qc2 c4 21.b4 Qd4 22.Rab1 f5 23.exf5 Bxg2
24.Kxg2 Rxf5 25.Rf1 Rbf8 26.f3 h5 27.Nd1 Rxf3  0-1

[Event "La Pobla de Lillet op"]
[Site "La Pobla de Lillet"]
[Date "1997.??.??"]
[Round "6"]
[White "Arencibia, Walter"]
[Black "Pogorelov, Ruslan"]
[Result "1-0"]
[WhiteElo "2560"]
[BlackElo "2465"]

1.d4 Nf6 2.Nf3 e6 3.c4 b6 4.a3 Ba6 5.Qc2 Bb7 6.Nc3 c5 7.e4 cxd4 8.Nxd4 Bc5
9.Nb3 Nc6 10.Bg5 h6 11.Bh4 Nd4 12.Nxd4 Bxd4 13.Bd3 O-O 14.Ne2 Bc5 15.e5 g5
16.exf6 gxh4 17.Qc3 Re8 18.Qe5 Bf8 19.Nc3 Rc8 20.O-O-O Rc5 21.Qd4 Rg5 22.Be4 Bc5
23.Qd3 Qc7 24.g3 d5 25.cxd5 exd5 26.Bh7+ Kh8 27.f4 d4 28.Rhe1 Rf8 29.Nb5 Qc6
30.fxg5 Bb4+ 31.Kb1 Bxe1 32.Rxe1 Ba6 33.a4 hxg5 34.Qf5 d3 35.Qxg5 Qc2+ 36.Ka1  1-0

[Event "Gran Canaria op"]
[Site "Las Palmas"]
[Date "1997.??.??"]
[Round "?"]
[White "Cramling, Pia"]
[Black "Gomez, M."]
[Result "1/2-1/2"]
[WhiteElo "2520"]
[BlackElo "2490"]

1.d4 Nf6 2.c4 e6 3.Nf3 b6 4.a3 d5 5.Nc3 Be7 6.cxd5 exd5 7.Bf4 O-O 8.e3 c5
9.Ne5 Bb7 10.Bd3 Nc6 11.O-O cxd4 12.Nxc6 Bxc6 13.exd4 Qd7 14.Re1 Rfe8 15.Qf3 Bd6
16.h3 Rxe1+ 17.Rxe1 Re8 18.Re3 Rxe3 19.Qxe3 g6 20.Bc2 Bxf4 21.Qxf4 Qe7 22.Kf1 Kg7
23.Bb3 h6 24.Qf3 Qd6 25.h4 Qh2 26.g3 Bb7 27.Nxd5 Qh3+ 28.Kg1 Bxd5 29.Bxd5 Qd7
30.Ba2 Qxd4 31.Qb3 Qd7 32.Qc3 Qe7 33.Qd4 Qe4 34.Qc3 Qf5 35.Qd4 Qe4 36.Qc3 Qf5
37.Qd4 Qe4  1/2-1/2

[Event "Gran Canaria op"]
[Site "Las Palmas"]
[Date "1997.??.??"]
[Round "?"]
[White "Khenkin, Igor"]
[Black "Bojkovic, Natasa"]
[Result "1-0"]
[WhiteElo "2550"]
[BlackElo "2415"]

1.d4 Nf6 2.c4 e6 3.Nf3 b6 4.a3 Bb7 5.Nc3 d5 6.cxd5 exd5 7.g3 Bd6 8.Bg2 O-O
9.Ne5 Re8 10.Nc4 Bf8 11.Bg5 c6 12.Ne5 h6 13.Bxf6 Qxf6 14.O-O Na6 15.e4 Nc7
16.exd5 Nxd5 17.Rc1 Rec8 18.Qb3 Nxc3 19.Rxc3 Rc7 20.Rf3 Qe6 21.Qxe6 fxe6
22.Bh3 Re8 23.Ng6 Bd6 24.Re1 c5 25.Rd3 cxd4 26.Rxd4 Bc5 27.Rd2 e5 28.Bd7 Ra8
29.Nxe5 a5 30.h4 Rf8 31.h5 Bf3 32.g4 Bb7 33.Ng6 Rxd7 34.Rxd7 Rxf2 35.Re5 Rxb2+
36.Kf1 Ba6+ 37.Ke1 Rb1+ 38.Kd2 Rb2+ 39.Kc3 Rf2 40.Re8+ Bf8 41.Rdd8  1-0

[Event "Leeuwarden op"]
[Site "Leeuwarden"]
[Date "1997.??.??"]
[Round "4"]
[White "Delemarre, Jop"]
[Black "Blees, Albert"]
[Result "1-0"]
[WhiteElo "2395"]
[BlackElo "2450"]

1.d4 e6 2.c4 Nf6 3.Nf3 b6 4.a3 Ba6 5.Qc2 c5 6.d5 exd5 7.cxd5 g6 8.e4 Bxf1
9.Kxf1 d6 10.Bf4 Nbd7 11.Nc3 Be7 12.h3 O-O 13.g4 Rb8 14.Nb5 Rb7 15.Nxd6 Qb8
16.e5 Bxd6 17.exd6 Nxd5 18.Bg3 N7f6 19.Rd1 Rd7 20.g5 Qb7 21.Qd3 c4 22.Qd4 Re8
23.Kg2 Re4 24.Qd2 b5 25.gxf6 Nxf6 26.Rhe1 h5 27.Qg5 h4 28.Qxf6 hxg3 29.Rxe4 Qxe4
30.Re1 Qa8 31.fxg3  1-0

[Event "Anibal op 4th"]
[Site "Linares"]
[Date "1997.??.??"]
[Round "1"]
[White "De Souza Haro, Paulo Cezar"]
[Black "Arencibia, Walter"]
[Result "0-1"]
[WhiteElo "2315"]
[BlackElo "2560"]

1.d4 Nf6 2.c4 e6 3.Nf3 b6 4.a3 Ba6 5.e3 d5 6.b3 Be7 7.Be2 O-O 8.O-O c5 9.Bb2 Nc6
10.cxd5 Bxe2 11.Qxe2 Qxd5 12.Nbd2 cxd4 13.Nxd4 Nxd4 14.Bxd4 Rac8 15.Ra2 Rfd8
16.a4 Nd7 17.Nc4 Nc5 18.Bxc5 Qxc5 19.Raa1 Qb4 20.Rab1 Bf6 21.Rfd1 a6 22.Rxd8+ Rxd8
23.Qa2 Rd3 24.Kf1 g6 25.g3 h5 26.h4 Qc5 27.Qa3 Qxc4 28.bxc4 Rxa3 29.Rxb6 Rxa4
30.c5 a5 31.c6 Rc4 32.Ke2 a4 33.Kd3 Rc3+ 34.Kd2 a3 35.Ra6 Rxc6 36.Rxc6 a2
37.Rc8+ Kg7 38.Ra8 a1=Q 39.Rxa1 Bxa1 40.Ke2  0-1

[Event "Anibal op 4th"]
[Site "Linares"]
[Date "1997.??.??"]
[Round "3"]
[White "Matamoros Franco, Carlos S"]
[Black "Arencibia, Walter"]
[Result "1-0"]
[WhiteElo "2480"]
[BlackElo "2560"]

1.d4 Nf6 2.c4 e6 3.Nf3 b6 4.a3 Bb7 5.Nc3 g6 6.Qc2 Bxf3 7.gxf3 Nc6 8.d5 Nd4
9.Qd1 e5 10.f4 Ng4 11.fxe5 Bc5 12.Ne4 Qe7 13.e3 Qxe5 14.Bg2 f5 15.Nxc5 bxc5
16.Kf1 Nxh2+ 17.Rxh2 Qxh2 18.exd4 Qh4 19.dxc5 Qxc4+ 20.Kg1 O-O 21.Be3 Rab8
22.b4 f4 23.Rc1 Qa6 24.Bd4 Qxa3 25.d6 c6 26.Bc3 Rxb4 27.Bh3 Rf7 28.Qd2 Rc4
29.Bf1 Ra4 30.Bb2 Qb4 31.Qe2 Ra2 32.Qe8+ Rf8 33.Qe7 Rf7 34.Qe8+ Rf8 35.Qe7 Rf7
36.Bc4 Qxc4 37.Rxc4 Rxe7 38.dxe7 Kf7 39.Bf6 Ke8 40.Rxf4 h6 41.Rb4  1-0

[Event "Anibal op 4th"]
[Site "Linares"]
[Date "1997.??.??"]
[Round "5"]
[White "Komljenovic, Davor"]
[Black "Romanishin, Oleg M"]
[Result "1/2-1/2"]
[WhiteElo "2460"]
[BlackElo "2555"]

1.d4 Nf6 2.c4 e6 3.Nf3 b6 4.a3 Bb7 5.Nc3 g6 6.Qc2 Bxf3 7.gxf3 Nc6 8.e3 Bg7
9.Bg2 Na5 10.Ne2 c5 11.dxc5 bxc5 12.Bd2 Rc8 13.Rd1 O-O 14.O-O Qb6 15.Qa4 Nc6
16.Bc3 Rfd8 17.f4 Ne8 18.Rd2 Bxc3 19.Nxc3 d6 20.Rfd1 a6 21.Ne4 Ne7 22.Nc3 Rb8
23.h3 Nf6  1/2-1/2

[Event "Anibal op 4th"]
[Site "Linares"]
[Date "1997.??.??"]
[Round "10"]
[White "Dgebuadze, Alexandre"]
[Black "Allahverdiev, Anar"]
[Result "1-0"]
[WhiteElo "2415"]
[BlackElo "2380"]

1.d4 Nf6 2.c4 e6 3.Nf3 b6 4.a3 Bb7 5.Nc3 c5 6.d5 d6 7.e4 exd5 8.cxd5 g6 9.Bb5+ Nbd7
10.Bg5 h6 11.Bh4 g5 12.Bg3 a6 13.Bc6 Ra7 14.e5 dxe5 15.Nxe5 Bg7 16.Nxd7 Nxd7
17.Bd6 Bxc3+ 18.bxc3 Qf6 19.Bb8 Bxc6 20.Bxa7 Bb5 21.Qf3 Qxf3 22.gxf3 Kd8
23.a4 Re8+ 24.Kd1 Be2+ 25.Kc2 Bxf3 26.Rhe1 Rxe1 27.Rxe1 Bxd5 28.a5 b5 29.Bxc5 Bb3+
30.Kxb3 Nxc5+ 31.Kc2  1-0

[Event "CRO-chT"]
[Site "Medulin"]
[Date "1997.??.??"]
[Round "?"]
[White "Lazovic, Gordan"]
[Black "Ascic, Pero"]
[Result "0-1"]
[WhiteElo "2310"]
[BlackElo "2315"]

1.d4 Nf6 2.c4 e6 3.Nf3 b6 4.a3 Bb7 5.Nc3 d5 6.cxd5 Nxd5 7.Qa4+ Qd7 8.Qc2 Nxc3
9.bxc3 Be7 10.e4 O-O 11.Bd3 c5 12.Bb2 Qc8 13.Qe2 cxd4 14.cxd4 Ba6 15.Rc1 Bxd3
16.Qxd3 Qa6 17.Ke2 Qb7 18.Rhd1 Nd7 19.Kf1 Rac8 20.h4 Rxc1 21.Rxc1 Nf6 22.Nd2 Rc8
23.Rxc8+ Qxc8 24.d5 Ne8 25.g3 Qd7 26.Nf3 exd5 27.exd5 Nc7 28.Ne5 Qxd5 29.Qxd5 Nxd5
30.Nc6 a6 31.Nxe7+ Nxe7 32.Ke2 f6 33.Kd3 Kf7 34.Kc4 Ke6 35.Bd4 Nc8 36.g4 g6
37.f3 f5 38.h5 gxh5 39.gxh5 Kd6 40.Bg1 Ke5 41.Bh2+ f4 42.Bg1 Nd6+ 43.Kb3 b5
44.Kb4 Nc4 45.Bf2 Kd5 46.Ba7 Ne5 47.Ka5 Nxf3 48.Bb8 Ne5 49.Kxa6 f3 50.Ba7 Kc4  0-1